| 000 | 01228cam a2200337 a 4500 | ||
|---|---|---|---|
| 001 | 16610115 | ||
| 003 | OSt | ||
| 005 | 20140310182746.0 | ||
| 008 | 110113s2011 maua 000 0 eng | ||
| 010 | _a 2011000835 | ||
| 020 | _a9781422162569 | ||
| 040 |
_aDLC _cDLC _dDLC |
||
| 042 | _apcc | ||
| 050 | 0 | 0 |
_aHD 30.255 _b.H372 2011 |
| 245 | 0 | 0 | _aHarvard business review on greening your business profitably / |
| 260 |
_aBoston, Mass. : _bHarvard Business Review Press, _c2011. |
||
| 300 |
_a251 p. : _bill. ; _c21 cm. |
||
| 490 | 0 | _aThe Harvard business review paperback series | |
| 500 | _aA collection of articles previously published in the Harvard business review. | ||
| 521 | _aBSBA | ||
| 562 | _eFor Circulation. 1 Copy Available in the Collection | ||
| 650 | 0 |
_aBusiness enterprises _xEnvironmental aspects. |
|
| 650 | 0 | _aEnvironmental responsibility. | |
| 650 | 0 |
_aManagement _xEnvironmental aspects. |
|
| 650 | 0 | _aSocial responsibility of business. | |
| 730 | 0 | _aHarvard business review. | |
| 906 |
_a7 _bcbc _corignew _d1 _eecip _f20 _gy-gencatlg |
||
| 942 |
_2lcc _cBK _kFOR |
||
| 999 |
_c15667 _d15667 |
||